000 00465pab a2200169 454500
008 180718b2003 xxu||||| |||| 00| 0 eng d
100 _aWeick, Karl E.
245 _aHospitals as cultures of entrapment: a re-analysis of Bristol Royal Infirmary
260 _c2003
300 _ap.73-84.
362 _aWinter
650 _aHospitals
650 _aHealth services
700 _aSutcliffe, Kathleen M.
773 _aCalifornia Management Review
909 _a55981
999 _c55981
_d55981